[Event "IECG CP.1999.P.00079"]
[Site "IECG email"]
[Date "1999.10.01"]
[Round "?"]
[White "Lopez Perez, Oscar"]
[Black "Betita, Joeffrey"]
[Result "1-0"]
[WhiteElo "1185"]
[BlackElo "1800"]
[PlyCount "61"]
[EventDate "1999.10.01"]
[EventType "tourn (corr)"]
[EventRounds "6"]
[EventCountry "IND"]
[SourceTitle "Corr 2008"]
[Source "ChessBase"]
[SourceDate "2008.06.24"]
[SourceVersion "1"]
[SourceVersionDate "2008.06.24"]
[SourceQuality "1"]

1. d4 e6 2. e4 Nf6 3. e5 Ne4 4. Nd2 d5 5. Nxe4 dxe4 6. Bc4 c5 7. d5 exd5 8. Bxd5 Nc6 9. Bxc6+ bxc6 10. Qxd8+ Kxd8 11. Ne2 Ba6 12. Bg5+ Be7 13. Rd1+ Ke8 14. Bxe7 Kxe7 15. Ng3 Rhd8 16. Nxe4 Rxd1+ 17. Kxd1 Rd8+ 18. Kc1 Be2 19. Re1 Bc4 20. g3 Bd5 21. Nxc5 Bf3 22. b4 a5 23. bxa5 Ra8 24. a6 Bd5 25. Rd1 Ra7 26. f4 Bc4 27. Rd4 Bxa2 28. Rd7+ Rxd7 29. Nxd7 c5 30. Nb6 Kd8 31. a7 1-0

[Event "IECG C1.1999.0.00227"]
[Site "IECG email"]
[Date "1999.08.10"]
[Round "?"]
[White "Betita, Joeffrey"]
[Black "Leoni, Rodolfo"]
[Result "0-1"]
[WhiteElo "1800"]
[BlackElo "1867"]
[PlyCount "38"]
[EventDate "1999.08.10"]
[EventType "tourn (corr)"]
[EventRounds "6"]
[SourceTitle "Corr 2008"]
[Source "ChessBase"]
[SourceDate "2008.06.24"]
[SourceVersion "1"]
[SourceVersionDate "2008.06.24"]
[SourceQuality "1"]

1. e4 c5 2. Nf3 Nc6 3. d4 cxd4 4. Nxd4 Nf6 5. Nc3 e5 6. Nb3 d6 7. f3 Be7 8. Be3 0-0 9. Be2 Be6 10. Qd2 d5 11. exd5 Nxd5 12. Nxd5 Bxd5 13. 0-0-0 Be6 14. Qe1 Qc7 15. g3 Nb4 16. Kb1 Qxc2+ 17. Ka1 Bxb3 18. a3 Be6 19. Qc3 Qxc3 0-1

[Event "IECG C1.1999.0.00227"]
[Site "IECG email"]
[Date "1999.08.10"]
[Round "?"]
[White "Perocco, Ercio Jr"]
[Black "Betita, Joeffrey"]
[Result "1-0"]
[WhiteElo "2010"]
[BlackElo "1800"]
[PlyCount "59"]
[EventDate "1999.08.10"]
[EventType "tourn (corr)"]
[EventRounds "6"]
[SourceTitle "Corr 2008"]
[Source "ChessBase"]
[SourceDate "2008.06.24"]
[SourceVersion "1"]
[SourceVersionDate "2008.06.24"]
[SourceQuality "1"]

1. e4 e6 2. d4 Nf6 3. e5 Ne4 4. Bd3 d5 5. Nh3 c5 6. f3 Qh4+ 7. Kf1 c4 8. Be2 Ng3+ 9. hxg3 Qxg3 10. Ng5 Nc6 11. Rh3 Qxh3 12. Nxh3 Bd7 13. Bg5 h6 14. Bh4 g5 15. Bf2 0-0-0 16. b3 Be7 17. bxc4 dxc4 18. c3 h5 19. Nd2 g4 20. fxg4 hxg4 21. Bxg4 f5 22. exf6 Bxf6 23. Qe2 Rde8 24. Nxc4 Kb8 25. Rb1 Bd8 26. Nd6 Re7 27. Rxb7+ Ka8 28. Qa6 Bb6 29. Rxa7+ Bxa7 30. Qb7# 1-0

[Event "IECG Q1.1999.0.00086"]
[Site "IECG email"]
[Date "1999.??.??"]
[Round "?"]
[White "Gajic, Zoran"]
[Black "Betita, Joeffrey"]
[Result "1-0"]
[WhiteElo "2027"]
[BlackElo "1800"]
[PlyCount "57"]
[EventDate "1999.08.04"]
[EventType "tourn (corr)"]
[EventRounds "6"]
[SourceTitle "Corr 2008"]
[Source "ChessBase"]
[SourceDate "2008.06.24"]
[SourceVersion "1"]
[SourceVersionDate "2008.06.24"]
[SourceQuality "1"]

1. e4 e6 2. d4 Nf6 3. e5 Ne4 4. Bf4 c5 5. f3 g5 6. Bc1 g4 7. fxe4 Nc6 8. c3 d6 9. dxc5 d5 10. Qxg4 Nxe5 11. Qg5 Qxg5 12. Bxg5 Bxc5 13. Bf6 Rg8 14. Bxe5 Rg4 15. Nd2 Bd7 16. exd5 Be3 17. h3 Bxd2+ 18. Kxd2 Rg5 19. Nf3 Rg8 20. g4 exd5 21. Bd3 0-0-0 22. Bxh7 Rge8 23. Bf6 Bb5 24. Bf5+ Kb8 25. Bxd8 Rxd8 26. Rae1 Rh8 27. Nd4 Ba6 28. Re7 Rxh3 29. Rxh3 1-0